Democratic Presidents - Sudden Death - Statistics

General Stats
  • This quiz has been taken 743 times
  • The average score is 8 of 16
Answers on the Grid
Answers color-coded by a green-red scale on the quiz's grid according to % correct below.
George Washington
John Adams
Thomas Jefferson
James Madison
James Monroe
John Quincy Adams
Andrew Jackson
Martin Van Buren
William Henry Harrison
John Tyler
James K. Polk
Zachary Taylor
Millard Fillmore
Franklin Pierce
James Buchanan
Abraham Lincoln
Andrew Johnson
Ulysses S. Grant
Rutherford B. Hayes
James A. Garfield
Chester A. Arthur
Grover Cleveland
Benjamin Harrison
William McKinley
Theodore Roosevelt
William Howard Taft
Woodrow Wilson
Warren G. Harding
Calvin Coolidge
Herbert Hoover
Franklin D. Roosevelt
Harry S. Truman
Dwight D. Eisenhower
John F. Kennedy
Lyndon B. Johnson
Richard Nixon
Gerald Ford
Jimmy Carter
Ronald Reagan
George H. W. Bush
Bill Clinton
George W. Bush
Barack Obama
Donald Trump
Joe Biden
 
Answer Stats
Answer % Correct
Joe Biden
88%
Barack Obama
84%
Bill Clinton
82%
Jimmy Carter
74%
John F. Kennedy
74%
Lyndon B. Johnson
66%
Franklin D. Roosevelt
65%
Harry S. Truman
56%
Woodrow Wilson
48%
Andrew Jackson
38%
Martin Van Buren
32%
Andrew Johnson
31%
Grover Cleveland
30%
James Buchanan
27%
Franklin Pierce
22%
James K. Polk
21%
No matching quizzes found
Score Distribution
Percent of People with Each Score
Percentile by Number Answered
Your Score History
You have not taken this quiz